[Event "Chefchaouen op 18th"]
[Site "Chefchaouen"]
[Date "2019.07.16"]
[Round "3"]
[White "Chorfi, Khaled"]
[Black "Duzhakov, Ilya"]
[Result "0-1"]
[WhiteElo "2065"]
[BlackElo "2383"]
[PlyCount "98"]
[EventDate "2019.07.15"]
[EventType "swiss"]
[EventRounds "9"]
[EventCountry "MAR"]
[SourceTitle "CBM 191 Extra"]
[Source "ChessBase"]
[SourceDate "2019.09.30"]
[SourceVersion "1"]
[SourceVersionDate "2019.09.30"]
[SourceQuality "1"]

1. c4 Nf6 2. g3 e6 3. Bg2 d5 4. Nf3 Be7 5. b3 c5 6. Bb2 d4 7. d3 Nc6 8. Nbd2 0-0 9. 0-0 e5 10. a3 h6 11. Ne1 Bf5 12. Ne4 Qd7 13. Nxf6+ Bxf6 14. e4 dxe3 15. fxe3 Rad8 16. e4 Bg4 17. Bf3 Bh3 18. Bg2 Be6 19. Kh1 Bg5 20. Qe2 Rde8 21. b4 cxb4 22. axb4 Nxb4 23. Rxa7 Ra8 24. Rxa8 Rxa8 25. Bc3 Ra2 26. Qd1 Nc6 27. Qb1 Ra8 28. Qb2 f6 29. Qf2 Bc1 30. Nf3 Ba3 31. Qc2 Bc5 32. Ne1 b6 33. h4 Ra6 34. Nf3 Qa7 35. Rb1 Qd7 36. Kh2 Ra8 37. Qe2 Rd8 38. Ne1 Ra8 39. Qb2 Kh7 40. Qe2 Ra3 41. Rc1 Bd4 42. Bd2 Ra2 43. Rc2 Bg1+ 44. Kxg1 Nd4 45. Qd1 Nxc2 46. Qb1 Qd4+ 47. Kh2 Nxe1 48. Bxe1 Ra1 49. Qb4 Qe3 0-1

[Event "Marrakesh op 1st"]
[Site "Marrakesh"]
[Date "2010.06.29"]
[Round "6"]
[White "Chorfi, Khaled"]
[Black "Shirazi, Kamran"]
[Result "0-1"]
[WhiteElo "2174"]
[BlackElo "2428"]
[PlyCount "74"]
[EventDate "2010.06.26"]
[EventType "swiss"]
[EventRounds "9"]
[EventCountry "MAR"]
[SourceTitle "CBM 137 Extra"]
[Source "ChessBase"]
[SourceDate "2010.09.01"]
[SourceVersion "1"]
[SourceVersionDate "2010.09.01"]
[SourceQuality "1"]

1. c4 Nf6 2. Nc3 d6 3. d4 Bf5 4. f3 e5 5. dxe5 dxe5 6. Qxd8+ Kxd8 7. e4 Be6 8. Be3 c6 9. 0-0-0+ Kc7 10. g3 Na6 11. Nh3 Bc5 12. Bxc5 Nxc5 13. b4 Na6 14. a3 h6 15. Nf2 Nb8 16. f4 exf4 17. gxf4 g6 18. Be2 a5 19. b5 Nbd7 20. e5 Nh5 21. Bxh5 gxh5 22. Rd4 Nc5 23. Kb2 Rad8 24. Rhd1 Rxd4 25. Rxd4 Rg8 26. Nce4 Nxe4 27. Nxe4 Rg2+ 28. Rd2 Rg4 29. Rf2 Bxc4 30. bxc6 bxc6 31. Nf6 Rh4 32. Kc3 Be6 33. f5 Rh3+ 34. Kd4 Bb3 35. Ng8 Kd7 36. Nxh6 Rh4+ 37. Kc5 Kc7 0-1

[Event "LSS BI-2008-P-00021"]
[Site "LSS email"]
[Date "2008.04.27"]
[Round "?"]
[White "Chorfi, Khaled"]
[Black "Szabo, Eleonora"]
[Result "1/2-1/2"]
[WhiteElo "2411"]
[BlackElo "2264"]
[PlyCount "43"]
[EventDate "2008.04.27"]
[EventType "tourn (corr)"]
[EventRounds "10"]
[EventCountry "GER"]
[SourceTitle "Corr 2011"]
[Source "ChessBase"]
[SourceDate "2010.08.31"]
[SourceVersion "1"]
[SourceVersionDate "2010.08.31"]
[SourceQuality "1"]

1. e4 c5 2. Nf3 d6 3. d4 cxd4 4. Nxd4 Nf6 5. Nc3 a6 6. Be3 e5 7. Nb3 Be7 8. f3 0-0 9. Qd2 Be6 10. 0-0-0 Nbd7 11. g4 Qc7 12. Kb1 b5 13. g5 Nh5 14. Nd5 Bxd5 15. exd5 Nb6 16. Rg1 Rac8 17. Na5 Nxd5 18. Qxd5 Qxa5 19. Rg4 g6 20. c3 Rb8 21. a4 Ng7 22. h4 1/2-1/2

[Event "IECG WC Cand email"]
[Site "IECG email"]
[Date "2008.04.15"]
[Round "?"]
[White "Chorfi, Khaled"]
[Black "Contreras Poblete, Juan Antonio"]
[Result "1/2-1/2"]
[WhiteElo "2416"]
[BlackElo "2241"]
[PlyCount "57"]
[EventDate "2008.02.15"]
[EventType "tourn (corr)"]
[EventRounds "6"]
[SourceTitle "Corr 2011"]
[Source "ChessBase"]
[SourceDate "2010.08.31"]
[SourceVersion "1"]
[SourceVersionDate "2010.08.31"]
[SourceQuality "1"]

1. e4 e5 2. Nf3 Qe7 3. Bc4 d6 4. Nc3 Nf6 5. 0-0 Bg4 6. h3 Bxf3 7. Qxf3 Nc6 8. d3 Nd4 9. Qd1 c6 10. a4 g6 11. f4 exf4 12. Bxf4 Bg7 13. Qd2 0-0 14. Rf2 Ne6 15. Be3 Qd8 16. Ba2 d5 17. exd5 Nxd5 18. Nxd5 cxd5 19. Qb4 Qd7 20. c3 Rad8 21. a5 b5 22. Raf1 Be5 23. Bh6 Bg7 24. Bxg7 Nxg7 25. Re2 Rfe8 26. Rfe1 Re6 27. Rxe6 fxe6 28. Rf1 Nf5 29. Qf4 1/2-1/2

[Event "IECG WC Cand email"]
[Site "IECG email"]
[Date "2008.04.15"]
[Round "?"]
[White "Evans, Gordon R"]
[Black "Chorfi, Khaled"]
[Result "1/2-1/2"]
[WhiteElo "2383"]
[BlackElo "2416"]
[PlyCount "40"]
[EventDate "2008.02.15"]
[EventType "tourn (corr)"]
[EventRounds "6"]
[SourceTitle "Corr 2011"]
[Source "ChessBase"]
[SourceDate "2010.08.31"]
[SourceVersion "1"]
[SourceVersionDate "2010.08.31"]
[SourceQuality "1"]

1. e4 c5 2. Nf3 e6 3. d4 cxd4 4. Nxd4 Nf6 5. Nc3 Nc6 6. Nxc6 bxc6 7. e5 Nd5 8. Ne4 Bb7 9. Be2 c5 10. 0-0 Qc7 11. Nd6+ Bxd6 12. exd6 Qc6 13. f3 c4 14. Qd4 0-0 15. Bxc4 Rfc8 16. b3 Qxd6 17. Bb2 e5 18. Qf2 Nf4 19. Rad1 Qg6 20. Kh1 d5 1/2-1/2

[Event "LSS CP-2005-S-00002"]
[Site "LSS email"]
[Date "2008.04.12"]
[Round "?"]
[White "Grotnes, Nils Ragnar"]
[Black "Chorfi, Khaled"]
[Result "1/2-1/2"]
[WhiteElo "2173"]
[BlackElo "2416"]
[PlyCount "44"]
[EventDate "2008.04.12"]
[EventType "tourn (corr)"]
[EventRounds "6"]
[EventCountry "GER"]
[SourceTitle "Corr 2013"]
[Source "ChessBase"]
[SourceDate "2012.11.12"]
[SourceVersion "1"]
[SourceVersionDate "2012.11.12"]
[SourceQuality "1"]
[WhiteTeam "US of America"]
[BlackTeam "US of America"]
[WhiteTeamCountry "USA"]
[BlackTeamCountry "USA"]

1. d4 Nf6 2. c4 g6 3. Nc3 Bg7 4. e4 d6 5. Be2 0-0 6. Be3 e5 7. d5 a5 8. g4 Na6 9. h4 Nc5 10. Bf3 Nfd7 11. h5 Nb6 12. Be2 Bd7 13. Qd2 Nba4 14. Nxa4 Nxa4 15. 0-0-0 Nc5 16. f3 a4 17. hxg6 hxg6 18. Nh3 Qe7 19. Nf2 f6 20. Nd3 b6 21. Kb1 Kf7 22. Rh7 Rh8 1/2-1/2

[Event "LSS WC-2012-P-00007"]
[Site "LSS email"]
[Date "2008.02.15"]
[Round "?"]
[White "Chorfi, Khaled"]
[Black "Crespo Revilla, Jose Maria"]
[Result "1/2-1/2"]
[WhiteElo "2432"]
[BlackElo "2173"]
[PlyCount "42"]
[EventDate "2008.02.15"]
[EventType "tourn (corr)"]
[EventRounds "6"]
[EventCountry "GER"]
[SourceTitle "Corr 2011"]
[Source "ChessBase"]
[SourceDate "2010.08.31"]
[SourceVersion "1"]
[SourceVersionDate "2010.08.31"]
[SourceQuality "1"]

1. Nf3 c5 2. c4 Nf6 3. Nc3 e6 4. g3 Be7 5. Bg2 0-0 6. 0-0 d5 7. cxd5 exd5 8. d4 Nc6 9. Bg5 c4 10. Ne5 Be6 11. Nxc6 bxc6 12. b3 cxb3 13. axb3 h6 14. Bxf6 Bxf6 15. Na4 Be7 16. Qc2 Qd7 17. Rfc1 Rfc8 18. Nc5 Bxc5 19. Qxc5 Rc7 20. Rc3 Rb8 21. e3 Rb6 1/2-1/2